Od Gullivera po Jezuliatko 35 ročné Bábkové divadlo Košice stále predovšetkým pre deti

Bibliographic Details
Main Author: Bobriková, Zuzana (Author)
Corporate Author: Bábkové divadlo v Košiciach (Author)
Format: Article
Language:Slovak
Subjects:

MARC

LEADER 00000nab a2200000 a 4500
001 vtls000921575
003 SK-MaSNL
005 20260303194642.0
008 040720e19941118xo 0 slo
035 |a KE30452 
040 |a KEVKJB  |b slo  |c KEVKJB  |e AACR2 
041 0 |a slo 
044 |a xo  |c SK 
080 |a 792.9  |2 1981 
100 1 |a Bobriková, Zuzana  |4 aut  |9 340855 
245 1 0 |a Od Gullivera po Jezuliatko  |b 35 ročné Bábkové divadlo Košice stále predovšetkým pre deti 
610 2 7 |a Bábkové divadlo v Košiciach  |2 KEVKJB  |9 29577 
650 0 7 |a dejiny  |2 KEVKJB  |9 3825 
650 0 7 |a výročie 35.  |2 KEVKJB  |9 879595 
651 7 |a Košice (Slovensko)  |2 KEVKJB  |9 18694 
651 7 |a KE,  |2 KEVKJB  |9 877256 
655 7 |a periodikum  |2 snkbucl  |9 29553 
710 2 |a Bábkové divadlo v Košiciach  |4 aut  |9 29577 
773 0 8 |t Pravda  |g Roč. 4, č.267, 18.11.1994, s. 11 
852 |a ZVYKNI  |b KIS3GCP 
999 |c 2158713  |d 2160643